000 00322nam a2200145Ia 4500
008 230718s9999 xx 000 0 und d
041 _aEng.
082 _a343.54
_bPAK-S
100 _aPakistan,T
245 0 _asales of good act
260 _aPakistan
_bmanzoor law
_c2013
300 _a40
650 _aLaw
999 _c30422
_d30422